| 000 | 00487nam a22001937a 4500 | ||
|---|---|---|---|
| 999 |
_c8083 _d8083 |
||
| 003 | OSt | ||
| 005 | 20230307103616.0 | ||
| 008 | 230307b ||||| |||| 00| 0 eng d | ||
| 020 | _a0952615916 | ||
| 040 | _cMust | ||
| 082 | _aW84A13H 1998 | ||
| 100 |
_aAdam,Gordon;Harford,Nicky; _916466 |
||
| 245 | _aHealth on air; | ||
| 260 |
_aLondon, _bHealth Unlimited, _c1998. |
||
| 300 |
_a103p; _bill; _c23cm. |
||
| 504 | _aincludes references | ||
| 650 |
_amedicine _9324 |
||
| 942 |
_2z _cO_SHELF |
||